[Event "Poznan op 25th"]
[Site "Poznan"]
[Date "2017.08.27"]
[Round "9"]
[White "Wojdak, Karol"]
[Black "Wasiak, Stanislaw"]
[Result "1-0"]
[WhiteElo "1372"]
[BlackElo "1551"]
[PlyCount "51"]
[EventDate "2017.08.20"]
[EventType "swiss"]
[EventRounds "9"]
[EventCountry "POL"]
[SourceTitle "CBM 180 Extra"]
[Source "ChessBase"]
[SourceDate "2017.10.06"]
[SourceVersion "1"]
[SourceVersionDate "2017.10.06"]
[SourceQuality "1"]

1. e4 e6 2. Nf3 d5 3. Nc3 Nf6 4. exd5 exd5 5. d4 c5 6. Bg5 h6 7. Bh4 Nc6 8. Bb5 Bd7 9. 0-0 Be7 10. dxc5 Bxc5 11. Re1+ Kf8 12. Nxd5 g5 13. Nxf6 Qxf6 14. Bg3 Bg4 15. Bxc6 bxc6 16. Be5 Qf5 17. Bxh8 Kg8 18. Bc3 Bxf3 19. Qxf3 Qxc2 20. Qf6 Qh7 21. Qxc6 Bxf2+ 22. Kxf2 Qf5+ 23. Kg1 Rc8 24. Re8+ Rxe8 25. Qxe8+ Kh7 26. Qe5 1-0

[Event "Poznan op 25th"]
[Site "Poznan"]
[Date "2017.08.24"]
[Round "6"]
[White "Wasiak, Stanislaw"]
[Black "Dopierala, Adam"]
[Result "1/2-1/2"]
[WhiteElo "1551"]
[BlackElo "1059"]
[PlyCount "41"]
[EventDate "2017.08.20"]
[EventType "swiss"]
[EventRounds "9"]
[EventCountry "POL"]
[SourceTitle "CBM 180 Extra"]
[Source "ChessBase"]
[SourceDate "2017.10.06"]
[SourceVersion "1"]
[SourceVersionDate "2017.10.06"]
[SourceQuality "1"]

1. c4 e5 2. d3 Nf6 3. Nf3 Nc6 4. g3 d5 5. cxd5 Qxd5 6. Nc3 Qd8 7. Bg2 Be7 8. 0-0 0-0 9. Bg5 Be6 10. e3 Qd7 11. Bxf6 Bxf6 12. Ne4 Qe7 13. Qa4 Bd7 14. Nxf6+ Qxf6 15. Qh4 Qd6 16. Ng5 h6 17. Ne4 Qb4 18. Rfc1 Qxb2 19. Nc5 Bf5 20. g4 Qb4 21. Rc4 1/2-1/2

[Event "Poznan op 25th"]
[Site "Poznan"]
[Date "2017.08.20"]
[Round "1"]
[White "Michalski, Karol"]
[Black "Wasiak, Stanislaw"]
[Result "1-0"]
[WhiteElo "1992"]
[BlackElo "1551"]
[PlyCount "43"]
[EventDate "2017.08.20"]
[EventType "swiss"]
[EventRounds "9"]
[EventCountry "POL"]
[SourceTitle "CBM 180 Extra"]
[Source "ChessBase"]
[SourceDate "2017.10.06"]
[SourceVersion "1"]
[SourceVersionDate "2017.10.06"]
[SourceQuality "1"]

1. d4 d5 2. c4 c6 3. Nc3 Bf5 4. Nf3 e6 5. e3 Nf6 6. Bd3 Bxd3 7. Qxd3 Bd6 8. 0-0 Nbd7 9. b3 0-0 10. e4 Nxe4 11. Nxe4 dxe4 12. Qxe4 Nf6 13. Qd3 Re8 14. Rd1 Bb8 15. g3 h6 16. Rb1 Qa5 17. a4 Qh5 18. Ba3 Rd8 19. Be7 Rd7 20. Bxf6 gxf6 21. Qe3 f5 22. Kg2 1-0

[Event "Poznan op 24th"]
[Site "Poznan"]
[Date "2016.08.11"]
[Round "4"]
[White "Piasecki, Andrzej"]
[Black "Wasiak, Stanislaw"]
[Result "1/2-1/2"]
[WhiteElo "1316"]
[BlackElo "1601"]
[PlyCount "41"]
[EventDate "2016.08.08"]
[EventType "swiss"]
[EventRounds "9"]
[EventCountry "POL"]
[SourceTitle "CBM 173 Extra"]
[Source "ChessBase"]
[SourceDate "2016.08.29"]
[SourceVersion "1"]
[SourceVersionDate "2016.08.29"]
[SourceQuality "1"]

1. g4 h6 2. Bg2 Nf6 3. h3 d5 4. c4 e6 5. Nc3 c6 6. Nf3 Bd6 7. d4 0-0 8. 0-0 dxc4 9. Ne5 Bxe5 10. dxe5 Nd5 11. Nxd5 cxd5 12. f4 Nc6 13. g5 hxg5 14. fxg5 Nxe5 15. Bf4 Ng6 16. e4 Nxf4 17. Rxf4 Qxg5 18. Rg4 Qe3+ 19. Kh1 e5 20. Rh4 Qg3 21. Qh5 1/2-1/2

[Event "Poznan op 23rd"]
[Site "Poznan"]
[Date "2015.08.17"]
[Round "9"]
[White "Simon, Marek"]
[Black "Wasiak, Stanislaw"]
[Result "1-0"]
[WhiteElo "1836"]
[BlackElo "1694"]
[PlyCount "73"]
[EventDate "2015.08.10"]
[EventType "swiss"]
[EventRounds "9"]
[EventCountry "POL"]
[SourceTitle "EXT 2017"]
[Source "ChessBase"]
[SourceDate "2016.10.25"]
[SourceVersion "1"]
[SourceVersionDate "2016.10.25"]
[SourceQuality "1"]

1. d4 Nf6 2. c4 e6 3. Nf3 d5 4. Nc3 Bb4 5. Bg5 c6 6. Qb3 Bxc3+ 7. bxc3 dxc4 8. Qxc4 Qd5 9. Qxd5 Nxd5 10. Rc1 f6 11. Bh4 Nd7 12. Bg3 Kf7 13. e4 N5b6 14. Bd6 Re8 15. e5 Nf8 16. h4 Bd7 17. h5 Nc8 18. Ba3 b6 19. Bd3 Ne7 20. h6 g6 21. exf6 Kxf6 22. g4 Rad8 23. g5+ Kf7 24. Ne5+ Kg8 25. Ng4 Nd5 26. c4 Nf4 27. Bc2 Nh5 28. Ne5 Bc8 29. Nxc6 Bb7 30. Rxh5 Bxc6 31. Rh4 b5 32. cxb5 Bxb5 33. Bb3 Rc8 34. Rxc8 Rxc8 35. Rf4 Bc6 36. Bxf8 Rxf8 37. Bxe6+ 1-0

[Event "Poznan op 23rd"]
[Site "Poznan"]
[Date "2015.08.13"]
[Round "4"]
[White "Wasiak, Stanislaw"]
[Black "Szuba, Henryk"]
[Result "1/2-1/2"]
[WhiteElo "1694"]
[BlackElo "1508"]
[PlyCount "109"]
[EventDate "2015.08.10"]
[EventType "swiss"]
[EventRounds "9"]
[EventCountry "POL"]
[SourceTitle "CBM 167 Extra"]
[Source "ChessBase"]
[SourceDate "2015.09.14"]
[SourceVersion "1"]
[SourceVersionDate "2015.09.14"]
[SourceQuality "1"]

1. d4 Nf6 2. c4 c5 3. Nf3 e6 4. g3 d5 5. cxd5 Nxd5 6. Bg2 Qa5+ 7. Bd2 Qb6 8. Qb3 Nc6 9. dxc5 Bxc5 10. Qxb6 Bxb6 11. 0-0 Nd4 12. Nxd4 Bxd4 13. Bc3 Nxc3 14. Nxc3 Bxc3 15. bxc3 Rb8 16. Rab1 b6 17. Rfd1 Ba6 18. Bc6+ Ke7 19. Rd7+ Kf6 20. Rxa7 Bxe2 21. Re1 Bh5 22. Re3 g5 23. h3 Rhc8 24. Bf3 Bg6 25. h4 gxh4 26. gxh4 h5 27. Kg2 Rc4 28. Ra6 Rxh4 29. Ra7 Rc4 30. Be2 Rc5 31. c4 Rg5+ 32. Rg3 Rxg3+ 33. Kxg3 Ke5 34. Rd7 Ra8 35. Rd2 Ra3+ 36. Kh4 Bf5 37. Bf1 Bb1 38. Rb2 Bxa2 39. Rxb6 Ra4 40. Rb5+ Kf6 41. Rc5 Ra3 42. Be2 Rc3 43. Bxh5 Rxc4+ 44. Rxc4 Bxc4 45. Kg3 e5 46. Kf3 Ke6 47. Ke3 f5 48. Be8 f4+ 49. Kd2 Kf5 50. f3 Bd5 51. Ke2 Kg5 52. Kf2 Bc4 53. Bd7 Bd3 54. Bc8 Kf6 55. Bd7 1/2-1/2

[Event "Poznan op 23rd"]
[Site "Poznan"]
[Date "2015.08.10"]
[Round "1"]
[White "Reza, Wojciech"]
[Black "Wasiak, Stanislaw"]
[Result "1-0"]
[WhiteElo "2265"]
[BlackElo "1694"]
[PlyCount "83"]
[EventDate "2015.08.10"]
[EventType "swiss"]
[EventRounds "9"]
[EventCountry "POL"]
[SourceTitle "CBM 167 Extra"]
[Source "ChessBase"]
[SourceDate "2015.09.14"]
[SourceVersion "1"]
[SourceVersionDate "2015.09.14"]
[SourceQuality "1"]

1. d4 Nf6 2. c4 e6 3. Nf3 d5 4. Nc3 Bb4 5. Qa4+ Nc6 6. e3 0-0 7. Bd2 Bd7 8. Qb3 Qe7 9. cxd5 exd5 10. Be2 Be6 11. 0-0 Na5 12. Qc2 c6 13. b3 b5 14. a3 Bd6 15. Nxb5 Nxb3 16. Qxb3 cxb5 17. Bxb5 Rab8 18. Qa4 Ne4 19. Ra2 Nxd2 20. Nxd2 Qc7 21. h3 f5 22. Re1 Bf7 23. f4 Qb7 24. Bd3 g6 25. Nf3 Qb3 26. Qxb3 Rxb3 27. Bc2 Rxa3 28. Rxa3 Bxa3 29. Ra1 Bd6 30. Rxa7 Rc8 31. Rd7 Bxf4 32. exf4 Rxc2 33. Ne5 Be6 34. Rd6 Bc8 35. Nd3 Kg7 36. Nc5 g5 37. Rd8 Rxc5 38. dxc5 Be6 39. fxg5 Kf7 40. Kf2 Ke7 41. Rh8 Kd7 42. Rxh7+ 1-0

[Event "POL-chT3 2010/11"]
[Site "Wielkopolska"]
[Date "2011.02.14"]
[Round "7"]
[White "Witwicki, Pawel"]
[Black "Wasiak, Stanislaw"]
[Result "1-0"]
[WhiteElo "1992"]
[BlackElo "1880"]
[PlyCount "49"]
[EventDate "2010.11.28"]
[EventType "team-tourn"]
[EventRounds "11"]
[EventCountry "POL"]
[SourceTitle "EXT 2019"]
[Source "ChessBase"]
[SourceDate "2018.10.10"]
[SourceVersion "1"]
[SourceVersionDate "2018.10.10"]
[SourceQuality "1"]
[WhiteTeam "Jarocin JKSW"]
[BlackTeam "Poznan Raszyn"]
[WhiteTeamCountry "POL"]
[BlackTeamCountry "POL"]

1. d4 Nf6 2. Nf3 g6 3. Nc3 Bg7 4. e4 d6 5. h3 0-0 6. Be3 e5 7. Qd2 exd4 8. Nxd4 Re8 9. f3 Nc6 10. 0-0-0 Bd7 11. g4 a6 12. h4 Nxd4 13. Bxd4 Bc6 14. h5 b5 15. hxg6 fxg6 16. Qh2 b4 17. Bc4+ Kf8 18. Nd5 Bxd5 19. Bxd5 Rb8 20. Qf4 c5 21. Bf2 Ke7 22. Bc6 Rf8 23. e5 Ne8 24. exd6+ Nxd6 25. Rhe1+ 1-0